Κατάλογος Βιβλιοθηκών Mediterranean College

ΒΑΣΙΚΕΣ ΑΡΧΕΣ ΣΧΕΔΙΑΣΗΣ ΜΕ ΤΟ SOLIDWORKS (Record no. 6732)

MARC details
000 -LEADER
fixed length control field 01143cam a22002294a 4500
005 - ΗΜΕΡΟΜΗΝΙΑ ΚΑΙ ΩΡΑ ΤΕΛΕΥΤΑΙΑΣ ΕΝΗΜΕΡΩΣΗΣ
Πεδίο ελέγχου 20250605164249.0
008 - FIXED-LENGTH DATA ELEMENTS--GENERAL INFORMATION
Πεδίο ελέγχου σταθερού μήκους 250528s ||||||||||||||||||||||||d
035 ## - SYSTEM CONTROL NUMBER
System control number 21671
020 ## - ISBN
ISBN 9876909349307
040 ## - ΠΗΓΗ ΚΑΤΑΛΟΓΟΓΡΑΦΗΣΗΣ
Φορέας πρωτότυπης καταλογογράφησης MC Athens Campus Library
Γλώσσα καταλογογράφησης Ελληνικά, Μοντέρνα (1453-)
Modifying agency MC Athens Campus Library
Κανόνες περιγραφικής καταλογογράφησης AACR2
245 1# - ΤΙΤΛΟΣ ΚΑΙ ΔΗΛΩΣΗ ΥΠΕΥΘΥΝΟΤΗΤΑΣ
Τίτλος ΒΑΣΙΚΕΣ ΑΡΧΕΣ ΣΧΕΔΙΑΣΗΣ ΜΕ ΤΟ SOLIDWORKS
250 ## - EDITION STATEMENT
Edition statement 1
260 ## - PUBLICATION, DISTRIBUTION, ETC.
Name of publisher, distributor, etc. Αυτοεκδοση
300 ## - PHYSICAL DESCRIPTION
Extent 175
505 0# - FORMATTED CONTENTS NOTE
Formatted contents note ΣΧΕΔΙΑΣΗ ΣΕ ΠΑΡΑΜΕΤΡΙΚΟ ΛΟΓΙΣΜΙΚΟ ΠΡΟΓΡΑΜΜΑ CAD ΣΧΕΔΙΑΣΗ 2D ΣΧΗΜΑΤΩΝ ΣΧΕΔΙΑΣΗ 3D ΣΧΗΜΑΤΩΝ ΣΧΕΔΙΑΣΗ ΣΥΝΑΡΜΟΛΟΓΗΜΑΤΩΝ ΕΚΠΟΝΗΣΗ ΜΗΧΑΝΟΛΟΓΙΚΩΝ ΣΧΕΔΙΩΝ
520 ## - SUMMARY, ETC.
Summary, etc. ΣΧΕΔΙΑΣΗ ΣΕ ΠΑΡΑΜΕΤΡΙΚΟ ΛΟΓΙΣΜΙΚΟ ΠΡΟΓΡΑΜΜΑ CAD ΣΧΕΔΙΑΣΗ 2D ΣΧΗΜΑΤΩΝ ΣΧΕΔΙΑΣΗ 3D ΣΧΗΜΑΤΩΝ ΣΧΕΔΙΑΣΗ ΣΥΝΑΡΜΟΛΟΓΗΜΑΤΩΝ ΕΚΠΟΝΗΣΗ ΜΗΧΑΝΟΛΟΓΙΚΩΝ ΣΧΕΔΙΩΝ
700 1# - ΠΡΟΣΘΕΤΗ ΑΝΑΓΡΑΦΗ--ΦΥΣΙΚΟ ΠΡΟΣΩΠΟ
Personal name Βαρυτης Εμμανουηλ
9 (RLIN) 7609
700 1# - ΠΡΟΣΘΕΤΗ ΑΝΑΓΡΑΦΗ--ΦΥΣΙΚΟ ΠΡΟΣΩΠΟ
Personal name Σταυροπουλου Σοφια
9 (RLIN) 7610
942 ## - ADDED ENTRY ELEMENTS (KOHA)
Koha item type Books
Holdings
Τύπος τεκμηρίου Βιβλιοθήκη Τρέχουσα τοποθεσία Barcode Αριθμός εισαγωγής Ημερομηνία απόκτησης Ταξιθετικό σύμβολο Αριθμός αντιτύπου Κατάσταση απόσυρσης Κατάσταση χαμένου Κατάσταση κατεστραμμένου Μη δανεισμός Σύνολο δανεισμών Ημερομηνία τελευταίας εμφάνισης Η τιμή ισχύει από
Books MC Thessaloniki Campus Library MC Thessaloniki Campus Library 9780000067319 1709 05/06/2025 729 ΒΑΡ 1           05/06/2025 05/06/2025

MC Athens Campus Library
Πατησίων 94 & Κοδριγκτώνος 13, 104 34
Πελλήνης 8 & Πατησίων 107, 112 51
Τ: +30 210 8899600

MC Thessaloniki Campus Library
Ίωνος Δραγούμη 21, 54625 | Ίωνος Δραγούμη 15, 54625
Τ: +30 2310 287779 – Τ: +30 2314 440300